000 01757cam a2200433 a 4500
001 38039736
003 OCoLC
005 20230606131425.0
008 971128t19981998nyu 000 1 eng
010 _a97049709 //r98
020 _a9780786863006
020 _a0786863005
035 _z97049709
040 _aDLC
_beng
_cDLC
_dDMP
041 _aeng
043 _an-us-wa
050 0 0 _aPS3566.E234
_bP54 1998
082 0 0 _a813/.54
_221
092 _aFIC
_bPEA
100 1 _aPearson, Ridley.
_0https://id.loc.gov/authorities/names/n84199915.
245 1 4 _aThe pied piper /
_cRidley Pearson.
246 _aThe pied piper
250 _a1st ed.
260 _aNew York :
_bHyperion,
_cc1998
264 1 _aNew York :
_bHyperion,
_c[1998]
264 4 _cc1998.
300 _a497 pages ;
_c25 cm.
336 _atext
_btxt
_2rdacontent.
337 _aunmediated
_bn
_2rdamedia.
338 _avolume
_bnc
_2rdacarrier.
650 0 _aBoldt, Lou (Fictitious character)
_vFiction.
_0https://id.loc.gov/authorities/subjects/sh2009117331.
650 0 _aMatthews, Daphne (Fictitious character)
_vFiction.
_0https://id.loc.gov/authorities/subjects/sh2010101061.
650 0 _aPolice
_zWashington (State)
_zSeattle
_vFiction.
_0https://id.loc.gov/authorities/subjects/sh2008109504.
650 0 _aPolice psychologists
_vFiction.
_0https://id.loc.gov/authorities/subjects/sh2008109489.
650 0 _aAdoption
_xCorrupt practices
_0https://id.loc.gov/authorities/subjects/sh85000979
_vFiction.
_0https://id.loc.gov/authorities/subjects/sh99001562.
651 0 _aSeattle (Wash.)
_vFiction.
_0https://id.loc.gov/authorities/subjects/sh2008111359.
655 7 _aDetective and mystery fiction.
_2lcgft
_0https://id.loc.gov/authorities/genreForms/gf2014026280.
942 _cBK
999 _c28148
_d28148